The community of the king. (Record no. 16802)

000 -LEADER
fixed length control field 00496nam a2200169 a 4500
001 - CONTROL NUMBER
control field :::00020088$&:&@@
003 - CONTROL NUMBER IDENTIFIER
control field OkBaRHE
005 - DATE AND TIME OF LATEST TRANSACTION
control field 20011211123038.0
008 - FIXED-LENGTH DATA ELEMENTS--GENERAL INFORMATION
fixed length control field s1977 j 000 0 eng u
040 ## - CATALOGING SOURCE
Transcribing agency
100 1# - MAIN ENTRY--PERSONAL NAME
Personal name Snyder, Howard A.
245 14 - TITLE STATEMENT
Title The community of the king.
260 ## - PUBLICATION, DISTRIBUTION, ETC. (IMPRINT)
Place of publication, distribution, etc Downers Grove, IL
Name of publisher, distributor, etc InterVarsity Press
Date of publication, distribution, etc 1977
300 ## - PHYSICAL DESCRIPTION
Extent 216 p.
942 ## - ADDED ENTRY ELEMENTS (KOHA)
Source of classification or shelving scheme
Koha item type Books
Copies
Koha item type Date last seen Full call number Source of classification or shelving scheme Withdrawn status Price effective from Shelving location Date acquired Damaged status Lost status Barcode Permanent Location Not for loan Copy number
Books2010-04-14BV 600.2 .S59  2010-04-14General Stacks2010-04-14  20088RHEMA Bible Training College 1